Normal view MARC view

Entry Topical Term

Number of records used in: 2

001 - CONTROL NUMBER

  • control field: 23809

003 - CONTROL NUMBER IDENTIFIER

  • control field: AUA.1

005 - DATE AND TIME OF LATEST TRANSACTION

  • control field: 20120806121434.0

008 - FIXED-LENGTH DATA ELEMENTS

  • fixed length control field: 120806|||a|||||| | ||| d

040 ## - CATALOGING SOURCE

  • Original cataloging agency: AUA.1
  • Transcribing agency: AUA.1

150 ## - HEADING--TOPICAL TERM

  • Topical term or geographic name as entry element: Neurotic Disorders.

670 ## - SOURCE DATA FOUND

  • Source citation: Work cat.: (AUA.1)0: Fanon, Frantz, 1925-1961. 23805, The wretched of the earth., [1965, c1963]